Normal view
MARC view
- تراجم التربويون
Entry Topical Term
001 - CONTROL NUMBER
- control field: 63782
003 - CONTROL NUMBER IDENTIFIER
- control field: JO-AjAnu
005 - DATE AND TIME OF LATEST TRANSACTION
- control field: 20230606084417.0
008 - FIXED-LENGTH DATA ELEMENTS
- fixed length control field: 230606|| aca||aabn | a|a d
040 ## - CATALOGING SOURCE
- Original cataloging agency: JO-AjAnu
- Transcribing agency: JO-AjAnu
150 ## - HEADING--TOPICAL TERM
- Topical term or geographic name entry element: تراجم التربويون
670 ## - SOURCE DATA FOUND
- Source citation: Work cat.: (JO-AjAnu)32517: الرفوع، هاني حمود , author 63781, قراءات في سيرة الرعيل الأول عمر العناني(1928-1933)